Primary science: audit and test

Saved in:
Bibliographic Details
Main Author: BYRNE, Jenny
Format: Book
Language:English
Published: Sage Publications 2014
Tags: Add Tag
No Tags, Be the first to tag this record!

MARC

LEADER 00000nam a22000007a 4500
008 201217b ||||| |||| 00| 0 eng d
020 |a ISBN: 978-1-4462-8273-1 
100 |a BYRNE, Jenny. 
245 |a Primary science:   |b audit and test  |c Jenny Byrne, Andri Christodoulou, John Sharp  |e Achieving Qualified Teacher Status (QTS) series  |g v, 82p.; ill. 
250 |b 4th ed, 
260 |b Sage Publications  |c 2014  |h Los Angeles  |i 692836   |i 692837  |l LB1585.5 .G7B99  |m Science – Study and teaching (Elementary) – Great Britain.  |m Science – Examinations – Study guides.  |m Science teachers – Training of – Great Britain. 
500 |a “It includes references”. 
942 |a lcc  |c BK  |e Adeniran, F. A  |f 17/12/2020 
952 |0 0  |1 0  |2 lcc  |4 0  |6 LB15855 G7 B99  |7 0  |9 666  |a HOL  |b ED  |c LP  |d 2020-12-17  |l 0  |o LB1585.5 .G7B99  |p 2020-22983  |r 2020-12-17 00:00:00  |w 2020-12-17  |y BK 
952 |0 0  |1 0  |2 lcc  |4 0  |6 LB15855 G7 B99  |7 0  |9 667  |a HOL  |b HOL  |c LP  |d 2020-12-17  |l 0  |o LB1585.5 .G7B99  |p 2020-22984  |r 2020-12-17 00:00:00  |w 2020-12-17  |y BK 
999 |c 366  |d 366